Score 0/23 Timer 04:00
0 Plays Today
Movie Answer % Correct
Yours, Mine and ________Ours
91.9%
You ________ Fool Your WifeCan't
90.3%
________ Dream Too MuchI
85.5%
That ________ from ParisGirl
82.3%
The Farmer in the ________Dell
79%
Muss 'em ________Up
79%
________ ServiceRoom
77.4%
A Guide for the ________ ManMarried
72.6%
Her ________'s AffairHusband
67.7%
________ Time I MarryNext
67.7%
Fancy ________Pants
67.7%
The ________ Brush GirlFuller
66.1%
Movie Answer % Correct
________ FolliesZiegfeld
66.1%
________ DoorStage
58.1%
________ of LivingJoy
53.2%
Look Who's ________Laughing
50%
________ of the SunValley
50%
________ to WedEasy
46.8%
Miss Grant ________ RichmondTakes
46.8%
Don't Tell the ________Wife
45.2%
Go Chase ________Yourself
43.5%
Beauty for the ________Asking
25.8%
Bunker ________Bean
12.9%

You're not logged in!

Compare scores with friends on all Sporcle quizzes.
OR
Log In

Sporcle TV

Today on Sporcle TV


Watch our educational content, quiz creation guides, and fun videos on Sporcle TV.

Show Comments

Extras

Top Quizzes Today


Score Distribution

Paid Content

Your Account Isn't Verified!

In order to create a playlist on Sporcle, you need to verify the email address you used during registration. Go to your Sporcle Settings to finish the process.

Report this User

Report this user for behavior that violates our Community Guidelines.

Details: